000
00253nam a22001097a 4500
999
_c
158285
_d
158285
082
_a
_b
100
_a
Leelavathi M
245
_a
Asuravithu:
_b
oru padanam/
_c
by Leelavathi M.
260
_a
Thiruvanathapuram:
_b
Lipi,
_c
1951.
650
_a
942
_c
BK